[Event "National Open"]
[Site "Las Vegas USA"]
[Date "2008.06.06"]
[Round "1"]
[White "Weeramantry,S"]
[Black "Petrosian,TL"]
[Result "0-1"]
[WhiteElo "2224"]
[BlackElo "2616"]
[EventDate "2008.06.06"]

1. e4 c5 2. Nc3 Nc6 3. f4 g6 4. Nf3 Bg7 5. Bc4 e6 6. f5 Nge7 7. fxe6 dxe6
8. d3 h6 9. O-O a6 10. a4 b6 11. Qe1 g5 12. Qg3 Ng6 13. Be3 Bb7 14. h3 Qb8
15. Qg4 Qd6 16. Nd2 Nd4 17. Qh5 Nxc2 18. Rxf7 Kxf7 19. Rf1+ Bf6 20. e5 Qxe5
21. Nde4 Nxe3 22. Rxf6+ Qxf6 23. Nxf6 Kxf6 24. Qe2 Nxc4 25. dxc4 Rad8 26.
a5 Nf4 0-1

[Event "National Open"]
[Site "Las Vegas USA"]
[Date "2008.06.06"]
[Round "1"]
[White "Yermolinsky,A"]
[Black "Rodriguez,Alej"]
[Result "1-0"]
[WhiteElo "2518"]
[BlackElo "1400"]
[EventDate "2008.06.06"]

1. d4 d5 2. c4 e6 3. Nc3 Nf6 4. Bg5 Be7 5. e3 O-O 6. Nf3 Nbd7 7. Rc1 c6 8.
Bd3 dxc4 9. Bxc4 Nd5 10. Bxe7 Qxe7 11. Ne4 Qb4+ 12. Qd2 Qxd2+ 13. Kxd2 N5f6
14. Nxf6+ Nxf6 15. Bd3 Rd8 16. Ke2 Nd5 17. a3 Bd7 18. h4 Be8 19. g4 a5 20.
g5 b5 21. h5 b4 22. h6 f5 23. Ne5 bxa3 24. bxa3 Rdb8 25. hxg7 Rb2+ 26. Kf3
Ra7 27. g6 Bxg6 28. Rxc6 Nf6 29. Nxg6 hxg6 30. Rxe6 Kxg7 31. Rg1 Kf7 32.
Rc6 Ng4 33. Bc2 Rab7 34. e4 Ra2 35. exf5 1-0

[Event "National Open"]
[Site "Las Vegas USA"]
[Date "2008.06.06"]
[Round "1"]
[White "Bady,G"]
[Black "Khachiyan,M"]
[Result "0-1"]
[WhiteElo "2229"]
[BlackElo "2500"]
[EventDate "2008.06.06"]

1. e4 e5 2. Nf3 Nc6 3. Bb5 f5 4. d3 fxe4 5. dxe4 Nf6 6. O-O Bc5 7. Nc3 d6
8. Qd3 O-O 9. Na4 Bb6 10. Nxb6 axb6 11. Bc4+ Kh8 12. a3 Qe8 13. Bg5 Nh5 14.
Nh4 Nd4 15. f3 Ne6 16. Bxe6 Bxe6 17. g4 Nf4 18. Bxf4 Rxf4 19. Ng2 Rf7 20.
Ne3 Qe7 21. Rf2 Raf8 22. Raf1 g6 23. Kg2 Qh4 24. h3 h5 25. Nd5 hxg4 26.
hxg4 Rh7 0-1

[Event "National Open"]
[Site "Las Vegas USA"]
[Date "2008.06.06"]
[Round "1"]
[White "Laylo,D"]
[Black "Sinanan,J"]
[Result "1-0"]
[WhiteElo "2496"]
[BlackElo "2155"]
[EventDate "2008.06.06"]

1. c4 e5 2. Nc3 Nf6 3. g3 Bb4 4. Bg2 O-O 5. e4 Re8 6. Nge2 c6 7. O-O d6 8.
d3 Nbd7 9. h3 a6 10. Be3 b5 11. g4 Bc5 12. Qd2 Bxe3 13. Qxe3 Qb6 14. Qd2
Nf8 15. Ng3 Ng6 16. Nce2 Bb7 17. g5 Nd7 18. Nf5 Qc7 19. h4 Ne7 20. Neg3 Nf8
21. f4 Neg6 22. fxe5 dxe5 23. Qc3 Ne6 24. c5 Rad8 25. b4 Rd7 26. Nh5 Qd8
27. Rad1 Nxh4 28. Nxh4 Qxg5 29. Nxg7 Nxg7 30. Nf5 Nxf5 31. Rxf5 Qe3+ 32.
Kf1 Rde7 33. Rf3 Qd4 34. Qxd4 exd4 35. Kf2 Bc8 36. Rh1 Rf8 37. Rf6 Re6 38.
e5 Rxe5 39. Rxc6 Bf5 40. Rd6 Bxd3 41. Rxd4 Bc4 42. Rg4+ Kh8 43. Rgh4 Re2+
44. Kf3 Rxg2 45. Rxh7+ Kg8 46. Rh8+ Kg7 47. R1h7+ Kg6 48. Kxg2 1-0

[Event "National Open"]
[Site "Las Vegas USA"]
[Date "2008.06.06"]
[Round "1"]
[White "Gutman,J"]
[Black "Robson,R"]
[Result "0-1"]
[WhiteElo "2112"]
[BlackElo "2433"]
[EventDate "2008.06.06"]

1. e4 c5 2. Nf3 d6 3. d4 cxd4 4. Nxd4 Nf6 5. Nc3 Nc6 6. f3 e6 7. Be3 Be7 8.
Qd2 O-O 9. O-O-O d5 10. Qf2 e5 11. Nxc6 bxc6 12. exd5 cxd5 13. Bc5 d4 14.
Bxe7 Qxe7 15. Nb5 Be6 16. c4 dxc3 17. Nxc3 Rfc8 18. Kb1 Rxc3 19. bxc3 Rb8+
20. Ka1 Qa3 21. Qd2 Bxa2 0-1

[Event "National Open"]
[Site "Las Vegas USA"]
[Date "2008.06.06"]
[Round "1"]
[White "Vucic,Ml"]
[Black "Akopian,R"]
[Result "1-0"]
[WhiteElo "2365"]
[BlackElo "2121"]
[EventDate "2008.06.06"]

1. Nf3 Nf6 2. d4 e6 3. Bg5 h6 4. Bh4 g5 5. Bg3 Nh5 6. e3 Nxg3 7. hxg3 Bg7
8. c3 d6 9. Nbd2 Nd7 10. Bd3 a6 11. g4 b5 12. Ne4 d5 13. Ng3 c5 14. Nh5 Kf8
15. Nxg7 Kxg7 16. dxc5 Nxc5 17. Bxb5 Qb6 18. Qd4+ f6 19. b4 e5 20. bxc5
Qxb5 21. Nxe5 Be6 22. a4 Qb2 23. O-O fxe5 24. Qxe5+ Kf7 25. Rab1 1-0

[Event "National Open"]
[Site "Las Vegas USA"]
[Date "2008.06.06"]
[Round "2"]
[White "Petrosian,TL"]
[Black "Shankland,S"]
[Result "1-0"]
[WhiteElo "2616"]
[BlackElo "2296"]
[EventDate "2008.06.06"]

1. e4 c5 2. Nc3 d6 3. Nf3 Nf6 4. d4 cxd4 5. Nxd4 a6 6. Bc4 e6 7. O-O Be7 8.
Bb3 O-O 9. f4 Nbd7 10. Be3 Nc5 11. e5 dxe5 12. fxe5 Nfd7 13. Qh5 g6 14. Qe2
Qc7 15. Bf4 b5 16. Bd5 Bb7 17. Bxb7 Qxb7 18. Bh6 b4 19. Bxf8 Bxf8 20. Nd1
Bg7 21. Nf3 Qc7 22. Re1 Na4 23. a3 Nab6 24. axb4 Nc4 25. Nf2 Ndxe5 26. b3
Nxf3+ 27. Qxf3 Nb6 28. Ra2 Bc3 29. Re4 Rd8 30. Nd3 Nd5 31. Rc4 1-0

[Event "National Open"]
[Site "Las Vegas USA"]
[Date "2008.06.06"]
[Round "2"]
[White "Khachiyan,M"]
[Black "Collyer,C"]
[Result "1/2-1/2"]
[WhiteElo "2500"]
[BlackElo "2274"]
[EventDate "2008.06.06"]

1. e4 e6 2. d4 d5 3. Nc3 Nf6 4. Bg5 Be7 5. e5 Nfd7 6. h4 O-O 7. Qg4 Kh8 8.
Bd3 c5 9. Qh5 g6 10. Qh6 Rg8 11. Bxe7 Qxe7 12. h5 cxd4 13. hxg6 fxg6 14.
Nce2 Nxe5 15. Nh3 Nf7 16. Qd2 e5 17. f4 Nc6 18. fxe5 Qxe5 19. O-O-O Bxh3
20. Rxh3 Ng5 21. Rh4 Rad8 22. Bb5 1/2-1/2

[Event "National Open"]
[Site "Las Vegas USA"]
[Date "2008.06.06"]
[Round "2"]
[White "Friedel,J"]
[Black "Aigner,M USA"]
[Result "1-0"]
[WhiteElo "2484"]
[BlackElo "2249"]
[EventDate "2008.06.06"]

1. e4 e5 2. Nf3 Nc6 3. Bb5 a6 4. Ba4 Nf6 5. O-O Be7 6. Re1 b5 7. Bb3 O-O 8.
d4 Nxd4 9. Nxd4 exd4 10. e5 Ne8 11. c3 d5 12. cxd4 Be6 13. Nd2 c5 14. dxc5
Bxc5 15. Nf3 Qb6 16. Be3 Rc8 17. Bxc5 Rxc5 18. Qd4 Qc7 19. Qe3 Qe7 20. Rac1
d4 21. Nxd4 Rxc1 22. Rxc1 Nc7 23. Nc6 Qe8 24. Qa7 Bxb3 25. Qxc7 Bxa2 26.
Rd1 Qa8 27. f4 Kh8 28. f5 h6 29. Rd6 Rc8 30. Qb6 Kh7 31. Qc5 Bb1 32. e6
fxe6 33. f6 Be4 34. Rxe6 Bxc6 35. Qf5+ Kg8 36. Re7 Bd5 37. Qg6 Rc1+ 38. Kf2
Rc2+ 39. Qxc2 1-0

[Event "National Open"]
[Site "Las Vegas USA"]
[Date "2008.06.06"]
[Round "2"]
[White "Pruess,D"]
[Black "Rubsamen,C"]
[Result "1/2-1/2"]
[WhiteElo "2425"]
[BlackElo "2211"]
[EventDate "2008.06.06"]

1. e4 e6 2. d4 d5 3. Nc3 Bb4 4. e5 c5 5. a3 Bxc3+ 6. bxc3 Ne7 7. h4 Nbc6 8.
h5 Qa5 9. Bd2 Bd7 10. h6 gxh6 11. Nf3 O-O-O 12. Bd3 c4 13. Bf1 Ng8 14. g3
f5 15. Nh4 Nce7 16. Be2 Rf8 17. Qb1 Be8 18. Qb4 Qxb4 19. axb4 a6 20. Be3
Kc7 21. Kd2 Bf7 22. Ng2 Ra8 23. Nf4 b6 24. Nh5 Bxh5 25. Bxh5 Ng6 26. Ke2 a5
27. Rhb1 a4 28. b5 Ra5 29. Rb4 a3 30. Bc1 N8e7 31. Rxa3 Rxa3 32. Bxa3 Ra8
33. Bc1 Ra1 34. Bxh6 Rh1 35. Bxg6 hxg6 36. Bg5 Nc8 37. Kf3 Na7 38. Rb2 Ra1
39. Bd2 Kd7 40. g4 Ke7 41. Bg5+ Ke8 42. Bd2 Kf7 43. Kf4 Kg7 44. f3 Nc8 45.
Kg3 Na7 46. Bg5 fxg4 1/2-1/2

[Event "National Open"]
[Site "Las Vegas USA"]
[Date "2008.06.06"]
[Round "2"]
[White "Haessel,D"]
[Black "Laylo,D"]
[Result "0-1"]
[WhiteElo "2142"]
[BlackElo "2496"]
[EventDate "2008.06.06"]

1. d4 d5 2. Nf3 Nf6 3. c4 c6 4. Qc2 g6 5. Bf4 Bg7 6. e3 O-O 7. Nc3 a6 8. a4
Nbd7 9. cxd5 Nxd5 10. Nxd5 cxd5 11. Bd3 Qa5+ 12. Ke2 Nf6 13. b4 Qd8 14.
Rhc1 Ne8 15. h3 Be6 16. Qc5 Nd6 17. Bxd6 exd6 18. Qc7 Rb8 19. Qxd8 Rfxd8
20. Rc7 Bf6 21. Kd2 Rdc8 22. Rac1 Rxc7 23. Rxc7 Bd8 24. Rc1 Bd7 25. Bc2 h5
26. Bb3 Bc6 27. Ng1 Kg7 28. Ne2 h4 29. Nc3 g5 30. Bxd5 Bd7 31. Ne4 g4 32.
hxg4 Bxg4 33. Nxd6 Be7 34. Nxb7 Bxb4+ 35. Kd3 Bd7 36. Rc7 Bxa4 37. Bxf7 Kf6
38. Bc4 a5 39. Nc5 Be8 40. e4 a4 41. e5+ Kg6 42. f4 a3 43. Na6 Rb6 44. Nxb4
Rxb4 45. Ra7 Kf5 46. Rxa3 Kxf4 47. Ra2 Rb1 48. e6 Rc1 49. Bd5 Rd1+ 50. Kc3
Ke3 51. Ra8 Rxd4 52. Bb7 Bb5 53. e7 Rc4+ 54. Kb3 Rc7 55. e8=Q Bxe8 56.
Rxe8+ Kf2 57. Be4 Rg7 58. Rh8 Kg3 59. Kc4 Rg5 60. Kd4 Rg7 61. Ke3 Rg5 62.
Rf8 h3 63. Rf3+ Kxg2 64. Rf5+ Kh2 65. Rf2+ Kg3 66. Rf1 Rg7 67. Rf3+ Kh4 68.
Kf4 Rg4+ 69. Kf5 Rg5+ 70. Kf6 h2 71. Rf1 Ra5 72. Bh1 Kg3 73. Rf3+ Kg4 74.
Rf1 0-1

[Event "National Open"]
[Site "Las Vegas USA"]
[Date "2008.06.06"]
[Round "2"]
[White "Robson,R"]
[Black "Sandager,S"]
[Result "1-0"]
[WhiteElo "2433"]
[BlackElo "2165"]
[EventDate "2008.06.06"]

1. e4 e5 2. Nf3 Nc6 3. Bb5 a6 4. Ba4 Nf6 5. O-O b5 6. Bb3 Be7 7. Re1 O-O 8.
a4 Bb7 9. d3 d6 10. Nbd2 Re8 11. Nf1 Bf8 12. Bg5 h6 13. Bh4 Be7 14. Ne3 Nd7
15. Nf5 Bxh4 16. N3xh4 Nc5 17. Re3 Nxb3 18. Rg3 Nbd4 19. Rxg7+ Kh8 20. Qh5
Nxf5 21. Nxf5 Qf6 22. Rxf7 Qg5 23. Qxg5 hxg5 24. Rxc7 Rab8 25. axb5 axb5
26. Nxd6 Re7 27. Rxe7 Nxe7 28. f3 Nc6 29. c3 b4 30. Nf7+ Kg7 31. Nxg5 Kf6
32. Nh3 Bc8 33. Nf2 Rb6 34. Kf1 Ba6 35. Ke2 bxc3 36. bxc3 Nd8 37. g3 Nb7
38. Ke3 Nc5 39. Ra5 Nd7 40. f4 Ke6 41. Ng4 exf4+ 42. gxf4 Kd6 43. f5 Kc7
44. e5 Nb8 45. d4 Rb1 46. f6 Rf1 47. Nf2 Kd7 48. d5 1-0

[Event "National Open"]
[Site "Las Vegas USA"]
[Date "2008.06.07"]
[Round "3"]
[White "Laylo,D"]
[Black "Petrosian,TL"]
[Result "1/2-1/2"]
[WhiteElo "2496"]
[BlackElo "2616"]
[EventDate "2008.06.06"]

1. d4 Nf6 2. c4 g6 3. g3 Bg7 4. Bg2 O-O 5. Nf3 d6 6. O-O c6 7. Nc3 Qb6 8.
Qc2 Qa6 9. b3 b5 10. Nd2 Bb7 11. Bb2 Nbd7 12. Rfd1 Rac8 13. Qd3 bxc4 14.
Nxc4 d5 15. Ne5 Nxe5 16. dxe5 Nd7 17. Qxa6 Bxa6 18. f4 e6 19. e4 Rfd8 20.
Rac1 Nc5 21. exd5 cxd5 22. Bf1 Bf8 23. Bxa6 Nxa6 24. Kf1 Bc5 25. Na4 Be7
26. Ke2 Kf8 27. a3 Nc7 28. b4 Nb5 29. Rxc8 Rxc8 30. Rc1 Rxc1 31. Bxc1 Ke8
32. Kd3 Kd7 33. Nc3 Kc6 34. a4 Nxc3 35. Kxc3 a6 36. Be3 Bd8 37. h4 h5 38.
Bd4 Be7 39. Kb3 Bf8 40. Kc3 Be7 41. Kb3 Bd8 42. Kc3 Be7 1/2-1/2

[Event "National Open"]
[Site "Las Vegas USA"]
[Date "2008.06.07"]
[Round "3"]
[White "Yermolinsky,A"]
[Black "Naroditsky,D"]
[Result "1-0"]
[WhiteElo "2518"]
[BlackElo "2242"]
[EventDate "2008.06.06"]

1. d4 Nf6 2. c4 g6 3. Nc3 Bg7 4. e4 d6 5. h3 O-O 6. Bg5 c6 7. Nf3 a6 8. Bd3
b5 9. O-O b4 10. Na4 Nfd7 11. c5 dxc5 12. dxc5 a5 13. Rc1 Nf6 14. e5 Nd5
15. Be4 Be6 16. Nd4 Ra7 17. Nxe6 fxe6 18. Qg4 Rf5 19. Bxf5 exf5 20. Qe2 h6
21. Be3 e6 22. f4 Nd7 23. Kh1 Nf8 24. Nb6 Kh7 25. a3 b3 26. Bg1 h5 27. Rf3
Bh6 28. Rcf1 Qh4 29. Qc4 Rg7 30. Bf2 Qd8 31. h4 Rb7 32. g3 Nd7 33. Rxb3 Bf8
34. Na4 Qb8 35. Rxb7 Qxb7 36. Kg1 Be7 37. Rd1 Bf8 38. Nb6 Nxc5 39. Bxc5
Nxb6 40. Qc2 Bxc5+ 41. Qxc5 Nd5 42. Rd2 Qb3 43. Kh2 Kg7 44. Qxc6 Ne3 45.
Qd7+ Kh6 46. Qc8 Nf1+ 47. Kg2 Qxg3+ 48. Kxf1 Qf3+ 49. Ke1 Qh1+ 50. Ke2 Qg2+
51. Kd1 Qh1+ 52. Kc2 Qe4+ 53. Kb3 1-0

[Event "National Open"]
[Site "Las Vegas USA"]
[Date "2008.06.07"]
[Round "3"]
[White "Graves,P"]
[Black "Khachiyan,M"]
[Result "1/2-1/2"]
[WhiteElo "2044"]
[BlackElo "2500"]
[EventDate "2008.06.06"]

1. Nf3 Nf6 2. c4 g6 3. Nc3 d5 4. d4 Bg7 5. cxd5 Nxd5 6. Bd2 O-O 7. Rc1 Nxc3
8. Bxc3 Qd5 9. a3 Rd8 10. e3 c5 11. Qa4 cxd4 12. Bxd4 Bxd4 13. Qxd4 Nc6 14.
Qxd5 Rxd5 15. Bc4 Rd6 16. h3 Bf5 17. O-O Rad8 18. Rc3 Kg7 19. Rfc1 Rd1+ 20.
Kh2 Kf6 21. g4 Be4 22. Be2 Rxc1 23. Rxc1 Bd3 24. Bxd3 Rxd3 25. Rc2 e5 26.
Nd2 Ke7 1/2-1/2

[Event "National Open"]
[Site "Las Vegas USA"]
[Date "2008.06.07"]
[Round "3"]
[White "Bournival,B"]
[Black "Wallach,K"]
[Result "1/2-1/2"]
[WhiteElo "2320"]
[BlackElo "2189"]
[EventDate "2008.06.06"]

1. e4 c5 2. Nf3 g6 3. d4 cxd4 4. Nxd4 Nc6 5. c4 Nf6 6. Nc3 d6 7. Be2 Nxd4
8. Qxd4 Bg7 9. Bg5 O-O 10. Qd2 Be6 11. Rc1 Qa5 12. b3 Rfc8 13. f3 a6 14.
Na4 Qxd2+ 15. Kxd2 Rc6 16. Nc3 Rac8 17. Nd5 Bxd5 18. cxd5 Rxc1 19. Rxc1
Rxc1 20. Kxc1 Kf8 21. Kc2 Nd7 22. b4 Bf6 23. Be3 e6 24. dxe6 fxe6 25. f4
Nb8 26. Bc4 Ke7 27. a4 Nc6 28. b5 axb5 29. axb5 Nb8 30. g4 Nd7 31. g5 Bg7
32. b6 Ba1 33. f5 gxf5 34. exf5 d5 35. Bd3 Be5 36. f6+ Kf8 37. h4 h6 38.
Bb5 d4 39. Bxd4 Bxd4 40. Bxd7 hxg5 41. hxg5 Kf7 42. Bc8 1/2-1/2

[Event "National Open"]
[Site "Las Vegas USA"]
[Date "2008.06.07"]
[Round "3"]
[White "Weeramantry,S"]
[Black "Kretchetov,A"]
[Result "1/2-1/2"]
[WhiteElo "2224"]
[BlackElo "2351"]
[EventDate "2008.06.06"]

1. e4 e5 2. Nf3 Nc6 3. d4 exd4 4. Bc4 Nf6 5. e5 d5 6. Bb5 Ne4 7. Nxd4 Bd7
8. Bxc6 bxc6 9. O-O Be7 10. f3 Ng5 11. f4 Ne4 12. Nc3 c5 13. Nb3 Nxc3 14.
bxc3 c4 15. Nd4 c5 16. Ne2 Bc6 17. Be3 Qc7 18. Qe1 Ba4 19. Qg3 g6 20. Rac1
O-O-O 1/2-1/2

[Event "National Open"]
[Site "Las Vegas USA"]
[Date "2008.06.07"]
[Round "3"]
[White "Sertic,D USA"]
[Black "Gutman,J"]
[Result "0-1"]
[WhiteElo "2260"]
[BlackElo "2112"]
[EventDate "2008.06.06"]

1. e4 e6 2. d4 d5 3. e5 c5 4. c3 Nc6 5. Nf3 Bd7 6. a3 f6 7. Bd3 Qc7 8. Bf4
Nge7 9. Bg3 Qb6 10. b4 cxd4 11. cxd4 f5 12. Bc2 a5 13. Nc3 axb4 14. axb4
Rxa1 15. Qxa1 Nxb4 16. Bb1 Qa6 17. Qxa6 bxa6 18. O-O Nec6 19. Rc1 Be7 20.
h4 O-O 21. Bf4 Rc8 22. Na4 Na7 23. Nc5 Bxc5 24. dxc5 Nac6 25. Bd2 a5 26.
Bc2 Nxc2 27. Rxc2 Rb8 28. Ra2 Rb5 29. Be3 f4 30. Bxf4 Rxc5 31. Be3 Rc4 32.
g3 h6 33. Kg2 a4 34. Nd2 Rb4 35. Bc5 Rb5 36. Bd6 Ra5 37. g4 h5 38. f3 Nd4
39. Kf2 Nb5 40. Bb4 Ra6 41. Ke3 Bc6 42. Kd3 Be8 43. Kc2 Bg6+ 44. Kb2 Bd3
45. Nb3 Be2 46. Nc5 Rc6 47. gxh5 a3+ 48. Kb3 Bd1+ 0-1

[Event "National Open"]
[Site "Las Vegas USA"]
[Date "2008.06.07"]
[Round "3"]
[White "Aigner,M USA"]
[Black "Akopian,R"]
[Result "1-0"]
[WhiteElo "2249"]
[BlackElo "2121"]
[EventDate "2008.06.06"]

1. e4 d6 2. d4 Nf6 3. Nc3 g6 4. f4 Bg7 5. Nf3 c5 6. d5 O-O 7. Bd3 Na6 8.
O-O Nc7 9. Qe1 e6 10. dxe6 Nxe6 11. f5 gxf5 12. exf5 Nd4 13. Nxd4 cxd4 14.
Ne4 d5 15. Nxf6+ Qxf6 16. Qg3 h6 17. Qf3 Bd7 18. Bd2 Rfe8 19. Rae1 Rxe1 20.
Rxe1 Bc6 21. Bf4 Re8 22. Rxe8+ Bxe8 23. Qxd5 Bc6 24. Qd6 Qxd6 25. Bxd6 Bf6
26. Kf2 Bh4+ 27. g3 Bg5 28. Ke2 Bc1 29. b3 Bb2 30. f6 b5 31. g4 a5 32. Bf4
h5 33. gxh5 a4 34. h6 1-0

[Event "National Open"]
[Site "Las Vegas USA"]
[Date "2008.06.07"]
[Round "4"]
[White "Robson,R"]
[Black "Yermolinsky,A"]
[Result "1/2-1/2"]
[WhiteElo "2433"]
[BlackElo "2518"]
[EventDate "2008.06.06"]

1. e4 e5 2. Nf3 Nc6 3. Bb5 a6 4. Ba4 Nf6 5. O-O Bc5 6. c3 b5 7. Bb3 d6 8.
a4 Bg4 9. h3 Bxf3 10. Qxf3 O-O 11. a5 Ne7 12. d3 Ng6 13. Re1 Kh8 14. Nd2
Ng8 15. Nf1 1/2-1/2

[Event "National Open"]
[Site "Las Vegas USA"]
[Date "2008.06.07"]
[Round "4"]
[White "Small,G"]
[Black "Friedel,J"]
[Result "0-1"]
[WhiteElo "2234"]
[BlackElo "2484"]
[EventDate "2008.06.06"]

1. c4 e5 2. g3 Nf6 3. d4 exd4 4. Qxd4 Nc6 5. Qe3+ Be7 6. Bg2 O-O 7. Nc3 Re8
8. Qd2 Bc5 9. Nh3 Ne5 10. O-O Nxc4 11. Qc2 Ne5 12. Nd5 Nxd5 13. Qxc5 c6 14.
e4 Qb6 15. Qa3 Nb4 16. Be3 Nc2 17. Bxb6 Nxa3 18. Bc7 Nb5 19. Bxe5 Rxe5 20.
Rfd1 Nc7 21. Nf4 Re7 22. Rd2 Ne8 23. b4 Kf8 24. a4 d6 25. a5 a6 26. Ne2 Be6
27. Nc3 Rd8 28. f4 f5 29. e5 Red7 30. Rad1 Kf7 31. Rb1 dxe5 32. Rxd7+ Rxd7
33. fxe5 Rd3 34. Na4 Re3 35. Nc5 Bc8 36. Rd1 Ke7 37. Nd3 Re2 38. Bf1 Re4
39. Kf2 Nc7 40. Bg2 Rc4 41. Rd2 Ne6 42. Rb2 g5 43. Ke1 h5 44. Bf3 g4 45.
Bd1 Rd4 46. Ke2 f4 47. Bb3 Re4+ 48. Kf2 fxg3+ 49. hxg3 Ng5 50. Bg8 Nh3+ 51.
Kg2 Re3 52. Bc4 h4 53. gxh4 Bf5 54. Nc5 Nf4+ 55. Kf2 Rc3 56. Bf1 g3+ 57.
Kg1 Rc1 58. Nb3 Re1 59. Nd4 Be4 0-1

[Event "National Open"]
[Site "Las Vegas USA"]
[Date "2008.06.07"]
[Round "4"]
[White "Khachiyan,M"]
[Black "Aigner,M USA"]
[Result "1-0"]
[WhiteElo "2500"]
[BlackElo "2249"]
[EventDate "2008.06.06"]

1. e4 c5 2. Nf3 Nc6 3. Bb5 g6 4. Bxc6 dxc6 5. d3 Bg7 6. Nc3 Bg4 7. h3 Bxf3
8. Qxf3 Nf6 9. O-O e5 10. a3 O-O 11. Be3 Nd7 12. b4 f5 13. Rfb1 Qe7 14. b5
f4 15. Bd2 Rfb8 16. a4 Nf8 17. Qd1 Ne6 18. bxc6 bxc6 19. Rxb8+ Rxb8 20. Rb1
Rd8 21. Ne2 c4 22. Bb4 Qh4 23. f3 Rd7 24. Qc1 Qd8 25. dxc4 Qb6+ 26. c5 Qa6
27. Nc3 Qc4 28. Qf1 Qd4+ 29. Kh2 Rb7 30. Na2 Rd7 31. Bc3 Qxa4 32. Nb4 Nc7
33. Rd1 Re7 34. Qc4+ Ne6 35. Rd6 Qb5 36. Qa2 Kf7 37. Nxc6 Qxc5 1-0

[Event "National Open"]
[Site "Las Vegas USA"]
[Date "2008.06.07"]
[Round "4"]
[White "Adamson,R"]
[Black "Wallach,K"]
[Result "1-0"]
[WhiteElo "2349"]
[BlackElo "2189"]
[EventDate "2008.06.06"]

1. e4 c5 2. Nf3 g6 3. d4 cxd4 4. Nxd4 Nc6 5. c4 Nf6 6. Nc3 d6 7. Be2 Nxd4
8. Qxd4 Bg7 9. Be3 O-O 10. Qd2 Be6 11. Rc1 Qa5 12. f3 Rfc8 13. b3 a6 14.
Na4 Qxd2+ 15. Kxd2 Nd7 16. g4 Rab8 17. Nc3 Kf8 18. g5 f5 19. gxf6 Nxf6 20.
Bd3 Bh3 21. Rhg1 Nh5 22. f4 Kf7 23. a4 Bh6 24. f5 Bxe3+ 25. Kxe3 gxf5 26.
exf5 Rg8 27. Ne4 Bg2 28. Rc2 Bxe4 29. Rxg8 Kxg8 30. Bxe4 Nf6 31. c5 dxc5
32. Rxc5 b6 33. Rc7 Kf8 34. Rb7 Rxb7 35. Bxb7 a5 36. Bc6 e5 37. fxe6 Ke7
38. Kf4 Kxe6 39. Kg5 Kf7 40. Kf5 Ke7 41. h4 Kf7 42. Bb5 Ke7 43. Ke5 Ng4+
44. Kd5 Ne3+ 45. Kc6 Nf5 46. Kxb6 Nxh4 47. Kxa5 Kd6 48. Kb6 Nf5 49. a5 Ne7
50. Bf1 Nd5+ 51. Kb7 h5 52. a6 h4 53. a7 Nc7 54. Bh3 1-0

[Event "National Open"]
[Site "Las Vegas USA"]
[Date "2008.06.07"]
[Round "4"]
[White "Kretchetov,A"]
[Black "Collyer,C"]
[Result "1-0"]
[WhiteElo "2351"]
[BlackElo "2274"]
[EventDate "2008.06.06"]

1. e4 c5 2. Nc3 Nc6 3. f4 e6 4. Nf3 d5 5. Bb5 Nge7 6. exd5 exd5 7. Qe2 Qd6
8. d4 cxd4 9. Nxd4 Bd7 10. Be3 O-O-O 11. O-O-O Kb8 12. Nb3 Be6 13. Bxc6
Nxc6 14. Qf2 g6 15. f5 1-0

[Event "National Open"]
[Site "Las Vegas USA"]
[Date "2008.06.07"]
[Round "4"]
[White "Yu,C"]
[Black "Liu,E"]
[Result "1/2-1/2"]
[WhiteElo "2240"]
[BlackElo "2252"]
[EventDate "2008.06.06"]

1. Nf3 Nf6 2. g3 g6 3. Bg2 Bg7 4. c4 O-O 5. O-O d5 6. cxd5 Nxd5 7. d4 Nb6
8. Nc3 Nc6 9. e3 Re8 10. h3 e5 11. d5 Na5 12. Nd2 Bd7 13. e4 c6 14. Nb3
Nac4 15. Nc5 Nd6 16. Qb3 Qc8 17. Nxd7 Nxd7 18. Be3 c5 19. Rfc1 b6 20. a4 a6
21. Kh2 Qc7 22. Bf1 f5 23. exf5 gxf5 24. f4 e4 25. Qd1 Qb7 26. Be2 b5 27.
Qd2 Rac8 28. Rg1 b4 29. Nd1 Nb6 30. Rc1 Nxa4 31. g4 Kh8 32. gxf5 Nxf5 33.
Bg4 Qf7 34. Qg2 Nxe3 35. Nxe3 Qxf4+ 36. Kh1 Rc7 37. Bh5 Rd8 38. d6 Rb7 39.
Nc4 Qh6 40. Bg4 Bd4 41. Rge1 Rg7 42. Qxe4 Rdg8 43. d7 Qh4 44. Nd6 Rxg4 45.
Nf7+ Kg7 46. Qxg4+ Qxg4 47. hxg4 Kxf7 48. Re2 Rd8 49. Rf1+ Kg6 50. Re6+ Kg5
51. Rf5+ Kxg4 52. Rf7 Nxb2 53. Re8 Bf6 54. Rxf6 Rxd7 55. Rg8+ Kh5 56. Rf5+
1/2-1/2

[Event "National Open"]
[Site "Las Vegas USA"]
[Date "2008.06.08"]
[Round "5"]
[White "Kolev,At1"]
[Black "Laylo,D"]
[Result "1-0"]
[WhiteElo "2568"]
[BlackElo "2496"]
[EventDate "2008.06.06"]

1. Nf3 d5 2. d4 Nf6 3. Bf4 g6 4. e3 Bg7 5. h3 O-O 6. Be2 c5 7. c3 Qb6 8.
Qb3 c4 9. Qa3 Nc6 10. Nbd2 Bf5 11. b3 cxb3 12. axb3 Nd7 13. g4 Be4 14. Nxe4
dxe4 15. Nd2 e5 16. Bg3 f5 17. Nc4 Qd8 18. gxf5 gxf5 19. d5 Ncb8 20. Rg1 f4
21. Bh2 Na6 22. O-O-O Nac5 23. Kb1 b5 24. Rxg7+ Kxg7 25. Rg1+ Kh8 26. Nxe5
Qf6 27. Bxf4 Nxe5 28. Qxc5 Ng6 29. Bh6 Rac8 30. Qd4 Qxd4 31. exd4 Rxf2 32.
Bxb5 Rxc3 33. Bc4 Rxh3 34. Bc1 Rf7 35. d6 Rhf3 36. Bxf7 Rxf7 37. Re1 Rd7
38. Ba3 Kg7 39. Rxe4 Kf6 40. Kc2 h5 41. Kd2 h4 42. Ke1 Rh7 43. Kf2 Kf5 44.
Re8 Rg7 45. Re3 Kg4 46. Kg1 Kf4 47. Bc1 Kg4 48. Kh2 Rf7 49. Re6 Kf5 50. Re2
Rd7 51. Ba3 Rg7 52. Rf2+ Ke6 53. Rg2 Kf5 54. Bc5 a6 55. Bb4 Rb7 56. Ba5 Rd7
57. Bb4 Rb7 58. Bc5 Rg7 59. b4 Rf7 60. Ra2 Nf4 61. Rxa6 Nd5 62. b5 Rb7 63.
b6 Ke6 64. Ra1 Rxb6 65. Bxb6 Nxb6 66. Ra6 Nc8 67. d7+ Kxd7 68. Kg2 Nd6 69.
Kf3 Ke6 70. Ra5 h3 71. Kf4 Nc4 72. Rh5 Nd2 73. Ke3 Nf1+ 1-0

[Event "National Open"]
[Site "Las Vegas USA"]
[Date "2008.06.08"]
[Round "5"]
[White "Bryant,J"]
[Black "Finegold,B"]
[Result "0-1"]
[WhiteElo "2226"]
[BlackElo "2539"]
[EventDate "2008.06.06"]

1. e4 c5 2. c3 d5 3. exd5 Qxd5 4. d4 Nf6 5. Nf3 Bg4 6. dxc5 Qxd1+ 7. Kxd1
e5 8. b4 e4 9. h3 Bh5 10. g4 Nxg4 11. hxg4 Bxg4 12. Nbd2 exf3 13. Bd3 Nc6
14. Re1+ Be7 15. b5 Nd8 16. Ba3 Ne6 17. Be4 O-O-O 18. Bxb7+ Kb8 19. Kc2
Rxd2+ 20. Kxd2 Bg5+ 21. Kc2 Kxb7 22. Rad1 Rd8 23. Bb4 Bf5+ 24. Kb3 Bd3 25.
a4 Be2 26. Rxd8 Bxd8 27. Rh1 h6 28. Rh5 Bg5 29. c6+ Kc7 30. c4 g6 31. Rh1
h5 32. a5 a6 33. bxa6 Nd4+ 34. Ka4 Nxc6 35. Bc5 Bxc4 36. a7 Kb7 37. Rb1+
Ka8 38. Bd6 Kxa7 39. Rb6 Nxa5 40. Bc5 Nb7 41. Bd4 Ka8 42. Rc6 Be6 43. Rc7
Bf4 44. Re7 Kb8 45. Kb5 Bd6 46. Re8+ Kc7 47. Bb6+ Kd7 48. Ra8 Bd5 49. Ra1
Be5 50. Rd1 Ke6 51. Ka6 Nd6 52. Bc5 h4 53. Rh1 g5 54. Kb6 f5 55. Bb4 Ne4
56. Be1 Bf6 57. Kc7 g4 0-1

[Event "National Open"]
[Site "Las Vegas USA"]
[Date "2008.06.08"]
[Round "5"]
[White "Erenburg,S"]
[Black "Robson,R"]
[Result "1/2-1/2"]
[WhiteElo "2568"]
[BlackElo "2433"]
[EventDate "2008.06.06"]

1. e4 c5 2. Nf3 d6 3. d4 cxd4 4. Nxd4 Nf6 5. Nc3 Nc6 6. Bg5 e6 7. Qd2 Be7
8. O-O-O Nxd4 9. Qxd4 O-O 10. f4 Qa5 11. Bc4 Bd7 12. e5 dxe5 13. fxe5 Bc6
14. Bd2 Nd7 15. Nd5 Qd8 16. Nxe7+ Qxe7 17. Rhe1 Nb6 18. Bf1 Rfd8 19. Qg4
Rac8 20. Kb1 Qc5 21. Bd3 Na4 22. Qh4 g6 23. Qf6 Rxd3 24. cxd3 Qb5 25. Bc1
Bd5 26. Rd2 Nc3+ 27. Ka1 Nxa2 28. Rf2 Nxc1 1/2-1/2

[Event "National Open"]
[Site "Las Vegas USA"]
[Date "2008.06.08"]
[Round "5"]
[White "Schuyler,J"]
[Black "Khachiyan,M"]
[Result "1/2-1/2"]
[WhiteElo "2320"]
[BlackElo "2500"]
[EventDate "2008.06.06"]

1. d4 Nf6 2. Nf3 g6 3. Bf4 Bg7 4. e3 d6 5. Be2 O-O 6. O-O c5 7. c3 Qb6 8.
Nbd2 Be6 9. Ng5 Bd7 10. Qb3 h6 11. Ngf3 Nh5 12. dxc5 Qxc5 13. Qxb7 Nxf4 14.
exf4 Bc6 15. Qb3 Nd7 16. Qc2 Rab8 17. Rac1 Nf6 18. Nd4 Ba8 19. f5 g5 20.
Bf3 d5 21. Rfe1 Rfe8 22. b4 Qd6 23. N2b3 Nd7 24. Be2 Rec8 1/2-1/2